| 000 | 00456nam a2200193Ia 4500 | ||
|---|---|---|---|
| 005 | 20240823031412.0 | ||
| 008 | 240823s9999||||xx |||||||||||||| ||und|| | ||
| 041 | _aENGLISH | ||
| 082 | _A6.6 | ||
| 100 | _aSelva Kumar R K | ||
| 245 | 0 | _aComputer Graphics | |
| 250 | _a1st | ||
| 260 | _bN . V Publica | ||
| 500 | _aTRANSFERED | ||
| 650 |
_aComputer Graphics _bComputer Applications |
||
| 700 | _a Edwin Dayanand I | ||
| 942 | _cBK | ||
| 999 |
_c190985 _d190985 |
||